000 00820nam a2200229 i 4500
001 163432
003 ES-MaACL
005 20230906212734.0
008 050727s1877 fr afb |||| | fre d
040 _aCAM
_bspa
_cCAM
100 1 _aRhone, Arthur.
_9131764
245 1 2 _aL'Egypte a petites journées
_b: études et souvenirs /
_cpar Arthur Rhone.
260 _aParis :
_bErnest Leroux,
_c[1877] (
_fImp. de E. Martinet)
300 _a430 p., [6] h. de grab., [6] h. de map. y plan. :
_bil. ;
_c25 cm.
505 8 _aContiene: Le Kaire et ses environs
599 _aLas h. de lam., grabados.
599 _aLas h. de map. y plan., algunos a doble pag.
651 4 _aEgipto-
_xDescripción.
_98141
700 1 _aLeroux, Ernest.
_9128893
752 _aFrancia -
_dParís
852 _aES-MaACL
_jG-1157
_z- Enc. hol.
999 _c163432
_d163432